00750nam a2200217 a 4500003000900000005001700009008004100026020001800067040002800085110001700113245003200130250003500162260004900197300002900246500002200275534004900297600004800346650006500394650003600459700003700495CO-ViMGA20230915234402.0080729s2008 ck a jr 00010bspa d a9789583030673 aCO-ViMGAbspacCO-ViMGA2 aMacaw Books.10aBill Gates / cMacaw Books. aEditora Diana López de Mesa.3 aBogotá : bPanamericana Editorial, c2008. a24 p. : bil. ; c20 cm. aGlosario : p. 24. pTítulo original : tA day with Bill Gates.14aGates, Bill, d1955-x Literatura infantil.14aIngenieros de sistemasv Biografíasx Literatura infantil.14aLibros ilustrados para niños.1 aLópez de Mesa O., Diana, eed.